[Event "SM-2021-0-00442"]
[Site "LSS email"]
[Date "2021.03.19"]
[Round "?"]
[White "Moskalenko, Eduard"]
[Black "Van Vugt, Wim"]
[Result "1/2-1/2"]
[WhiteElo "2241"]
[BlackElo "2268"]
[PlyCount "50"]
[EventDate "2021.01.21"]
[EventType "tourn (corr)"]
[EventRounds "6"]
[EventCountry "GER"]
[SourceTitle "Corr 2024"]
[Source "ChessBase"]
[SourceDate "2023.10.19"]
[SourceVersion "1"]
[SourceVersionDate "2023.10.19"]
[SourceQuality "1"]

1. e4 c5 2. Nf3 d6 3. d4 cxd4 4. Nxd4 Nf6 5. Nc3 a6 6. Be3 e5 7. Nb3 Be6 8. h3 Be7 9. Qf3 0-0 10. g4 a5 11. a4 Na6 12. 0-0-0 Rc8 13. Bb5 Rxc3 14. bxc3 d5 15. exd5 Bxd5 16. Rxd5 Nxd5 17. Bd2 Qd6 18. Kb1 Nc5 19. Nxc5 Qxc5 20. c4 Nc7 21. Qxb7 Nxb5 22. cxb5 Rc8 23. Rc1 Bg5 24. Bxg5 Qb4+ 25. Ka2 Qxa4+ 1/2-1/2

[Event "SM-2021-0-00442"]
[Site "LSS email"]
[Date "2021.03.06"]
[Round "?"]
[White "Moskalenko, Eduard"]
[Black "Usmanoff, Rustam"]
[Result "1/2-1/2"]
[WhiteElo "2241"]
[BlackElo "2169"]
[PlyCount "109"]
[EventDate "2021.01.21"]
[EventType "tourn (corr)"]
[EventRounds "6"]
[EventCountry "GER"]
[SourceTitle "Corr 2024"]
[Source "ChessBase"]
[SourceDate "2023.10.19"]
[SourceVersion "1"]
[SourceVersionDate "2023.10.19"]
[SourceQuality "1"]

1. d4 Nf6 2. c4 e6 3. Nc3 d5 4. cxd5 exd5 5. Bg5 c6 6. Qc2 h6 7. Bh4 Bd6 8. e3 0-0 9. Bd3 Re8 10. Nge2 Nbd7 11. h3 Nf8 12. 0-0 Ne6 13. Rad1 Be7 14. Bg3 Kh8 15. f3 b5 16. Bf2 Nh5 17. Nc1 a5 18. N3e2 Qb6 19. e4 Nhf4 20. e5 b4 21. Nxf4 Nxf4 22. Bf5 Ba6 23. Rfe1 Ne6 24. Be3 a4 25. Kh2 a3 26. f4 axb2 27. Nb3 Nc7 28. Rb1 Bc4 29. Rxb2 Nb5 30. Qd1 Qc7 31. Qg4 Rg8 32. Nc5 Rxa2 33. Rxa2 Bxa2 34. Nd7 g6 35. e6 h5 36. Qf3 Nd6 37. exf7 Nxf7 38. Ne5 Nxe5 39. dxe5 gxf5 40. Qxh5+ Kg7 41. Bd4 c5 42. Re3 Kf8 43. e6 Qxf4+ 44. Kg1 Rxg2+ 45. Kxg2 Qg5+ 46. Qxg5 Bxg5 47. Bxc5+ Be7 48. Bd4 Bh4 49. Rf3 Ke7 50. Rf4 Be1 51. Bc5+ Kxe6 52. Bxb4 Ke5 53. Kf3 Bxb4 54. Rxb4 d4 55. Ke2 1/2-1/2